000
00306nam a22001337a 4500
008
170912b xxu||||| |||| 00| 0 eng d
020
_a
9781585917716
041
_a
eng
080
_2
2ND
_a
53
100
_a
43
101
_a
FIZ
245
_a
INTER ACTION IN PHYSICAL SCIENCE
_c
GOLDBERG,F
942
_2
udc
_c
BK
999
_c
27259
_d
27259